Geología /

Guardado en:
Autor Principal: Banda Tarradellas, Enric
Otros Autores: Torné Escasany, Montserrat
Formato: Libro
Publicado: Madrid : Santillana, 1999
Series:Santillana Polimodal
Materias:
Etiquetas: Agregar Etiqueta
Sin Etiquetas, Sea el primero en etiquetar este registro!
LEADER 01741nam a22002655a 4500
001 CEM.cems010260
008 130507s1999##################000#0#####d
005 20211129154946.0
003 CEMS
245 1 0 |a Geología /  |c Enric Banda Tarradellas y Montserrat Torné Escasany. 
260 |a Madrid :  |b Santillana,  |c 1999 
300 |a 287 p. 
490 0 |a Santillana Polimodal 
500 |a Para nivel polimodal 
505 0 |a La tierra, un planeta activo -- La tierra. Estructura y composición -- Gravedad y magnetismo terrestres -- Placas litosféricas -- Los materiales de la litosfera terrestre: minerales y rocas -- Ciencia, tecnología y sociedad -- La litosfera terrestre. Dinámica y evolución -- Las rocas ígneas y tipos de magma -- Metamorfismo y deformación de las rocas -- Evolución de los océanos -- Evolución de los continentes -- Ciencia, tecnología y sociedad -- La litosfera terrestre. Procesos superficiales -- La destrucción de las rocas superficiales -- El modelo del relieve -- De los sedimentos a las rocas sedimentarias -- El suelo como interfase -- Recursos naturales. Riesgos geológicos -- Ciencia, tecnología y sociedad -- Geología histórica y geología regional -- El tiempo geológico -- Geología de la Argentina -- Ciencia, tecnología y sociedad 
020 |a 9504607721 
100 1 |a Banda Tarradellas, Enric 
700 1 |a Torné Escasany, Montserrat 
082 0 4 |a 550 
653 |a Geología 
653 |a Geología-polimodal 
859 |a CEMS  |b BIB. CEMS - 11 de abril  |h 550  |i B221  |p 20809.00  |t Ej.1 
859 |a CEMS  |b BIB. CEMS - Agricultura  |h 550  |i B221  |p A0008.00  |t Ej.1 
859 |a CEMS  |b BIB. CEMS - 11 de abril  |h 550  |i B221  |p 21892.02  |t Ej.2 
859 |a CEMS  |b BIB. CEMS - Agricultura  |h 550  |i B221  |p A0109.00  |t Ej.2